Normal view MARC view

Entry Personal Name

Number of records used in: 2

001 - CONTROL NUMBER

  • control field: 46791

003 - CONTROL NUMBER IDENTIFIER

  • control field: dpl

005 - DATE AND TIME OF LATEST TRANSACTION

  • control field: 20120510112712.0

008 - FIXED-LENGTH DATA ELEMENTS

  • fixed length control field: 120510|||a|||||| | ||| d

040 ## - CATALOGING SOURCE

  • Original cataloging agency: dpl
  • Transcribing agency: dpl

100 ## - HEADING--PERSONAL NAME

  • Personal name: Fredman, Albert J.

670 ## - SOURCE DATA FOUND

  • Source citation: Work cat.: (dpl): Fredman, Albert J., How matual founds works /, 1997

670 ## - SOURCE DATA FOUND

  • Source citation: Work cat.: (dpl): Fredman, Albert J., How matual founds works /, 1997

© Delhi Public Library
Hit Counter
free hit counter